000 00816cab a2200241 4500
001 WB3444-26
008 090401t1998 xxu||||| |||| 00| 0 eng d
035 _a(Sirsi) u89774
041 _aeng
245 _aLondon house prices fall
260 _c1998
350 _a0
490 _aSunday Business
_v15 November 1998, 26(2)
520 _aResearch by FPD Savills suggests that house prices in London will fall by 2% by the end of the year, partly because of a lack of consumer confidence at a time when more properties are coming on to the market.
650 _aFPD SAVILLS
650 _aHOUSE PRICES
650 _aHOUSING MARKET
650 _aLONDON
650 _aPRIME RESIDENTIAL PROPERTY
690 _aPROPERTY-RESIDENTIAL PROPERTY-RESIDENTIAL PROPERTY MARKET
942 _n0
948 _c18/11/1998
999 _c56825
_d56825